000 01018nam a2200325 i 4500
003 EG-GICUC
005 20260402200156.0
008 260303s1953 us o|||er|||| 00| 0 eng d
040 _aEG-GiCUC
_beng
_cEG-GiCUC
_dEG-GiCUC
_erda
041 _aeng
082 0 4 _221
_a341.33
_bDI
092 0 4 _221
099 _aLaw1 11 341.33 DI 1953
100 1 _aCraig , Gordon A.
_eeditor.
245 _aThe Diplomats 1919-1939 /
_cGordon A. Craig .
264 _aNew Jersey :
_bPRINCETON UNIVERSITY PRESS ,
_c1953 .
300 _a700 pages :
_billustrations, Photographs,
_c24 cm
336 _2rda content
_atext
337 _2rda media
_aComputer
338 _2rda carrier
_aOnline Resource
500 _aIncludes Index Pages 685-700. Includes Photographs .
546 _aText in English
650 1 _aDiplomacy
650 1 _aDiplomatic Corps
651 1 _2qrmak
700 1 _aFelix Gilbert
_eContributor
856 4 0 _uhttps://fll.law.cu.edu.eg/fulltext/bks/B11-08718.pdf
905 _a60
942 _2ddc
_cBK
_e21
_n0
999 _c64722
_d64722